Normal view
MARC view
- عبدالله بن الحسين ملك الاردن، 1921-1951؛ جمع وإعداد محمد عدنان البخيت، جمع وإعداد هند غسان أبو الشعر، جمع وإعداد نوفان رجا السوارية، جمع وإعداد بكر خازر المجالي
Entry Personal Name
001 - CONTROL NUMBER
- control field: 54975
003 - CONTROL NUMBER IDENTIFIER
- control field: JO-AjAnu
005 - DATE AND TIME OF LATEST TRANSACTION
- control field: 20230606083023.0
008 - FIXED-LENGTH DATA ELEMENTS
- fixed length control field: 230606|| aca||aabn | a|a d
040 ## - CATALOGING SOURCE
- Original cataloging agency: JO-AjAnu
- Transcribing agency: JO-AjAnu
100 ## - HEADING--PERSONAL NAME
- Personal name: عبدالله بن الحسين ملك الاردن، 1921-1951؛ جمع وإعداد محمد عدنان البخيت، جمع وإعداد هند غسان أبو الشعر، جمع وإعداد نوفان رجا السوارية، جمع وإعداد بكر خازر المجالي
670 ## - SOURCE DATA FOUND
- Source citation: Work cat.: (JO-AjAnu)28068: عبدالله بن الحسين ملك الاردن، 1921-1951؛ جمع وإعداد محمد عدنان البخيت، جمع وإعداد هند غسان أبو الشعر، جمع وإعداد نوفان رجا السوارية، جمع وإعداد بكر خازر المجالي, author, الوثائق الهاشمية: أوراق عبدالله بن الحسين: العلاقات الأردنية - السعودية 1344-1371 هجري/ 1925-1951م، مج 10، القسم 1